| 000 | 00657nam a2200229Ia 4500 | ||
|---|---|---|---|
| 003 | OSt | ||
| 005 | 20230623112425.0 | ||
| 008 | 210423s2006 xx 000 0 und d | ||
| 020 | _a3-540-01298-2 | ||
| 040 | _cAL | ||
| 041 | _aeng | ||
| 082 | _a547.7 ARIS | ||
| 100 |
_aARIGA (Katsuhiko);KUNITAKE (Toyoki) _9106358 |
||
| 245 | _aSupramolecular chemistry: fundamentals and applications | ||
| 260 |
_aGermany _bSpringer Pvt Ltd _c2006 |
||
| 300 |
_aix,208 _bPB |
||
| 365 |
_b895 _cINR |
||
| 650 |
_aChemistry _9106359 |
||
| 650 |
_aOrganic Chemistry _9106360 |
||
| 906 | _aapplications ; chemistry: ; fundamentals ; Supramolecular | ||
| 942 |
_2ddc _cBK |
||
| 999 |
_c167526 _d167526 |
||